00500 2200205 4500001002100000005001500021035002000036008004100056245005200097100002000149250000600169260003600175300001100211084001400222082000800236650001400244990001200258990001200270990001200282INLIS00000000000028820240503073324 a0010-0424000264240503 0 ind 1 aKisah - Kisah Akhlak Teladan /cM. Rosid Kusnan aKusnan, M.Rosid a1 aJakarta :bCempaka Putih,c2017 a68 hlm a200 ROS k a200 4aNon Fiksi a0728826 a0728827 a0728828